| 000 | 00716nam a2200217 i 4500 | ||
|---|---|---|---|
| 001 | 171040 | ||
| 003 | ES-MaACL | ||
| 005 | 20230906214526.0 | ||
| 008 | 090423s1865 fr |||| | fre d | ||
| 080 | _a929 Meyerbeer | ||
| 100 | 1 |
_aBlaze de Bury, Henri. _9139915 |
|
| 245 | 1 | 0 |
_aMeyerbeer et son temps / _cpar Henri Blaze de Bury. |
| 260 |
_aParis : _bMichel Lévy frères, _c1865. |
||
| 300 |
_a396 p. ; _c19 cm. |
||
| 490 | 1 | _aBibliothèque contemporaine | |
| 600 | 1 | 4 |
_aMeyerbeer, Giacomo. _980809 |
| 650 | 4 |
_aÓpera- _zFrancia- _yS.XIX. _9139916 |
|
| 830 | 0 |
_aBibliothèque contemporaine _9181673 |
|
| 852 | 1 |
_aBA _jE-12602 _9R.140247 _z. - Biblioteca Jacinto Martínez Lacalle |
|
| 999 |
_c171040 _d171040 |
||